000 00344nam a2200133Ia 4500
008 230312s9999||||xx |||||||||||||| ||und||
082 _a615.845
_bWAR-B
100 _aWard;Alex.R
245 0 _aBiophysical Bases of Electrotherapy
300 _a356
546 _aEng.
650 _aPhysiotherapy
_vBiophysical Basis of Electrotherapy
942 _cBK
999 _c9107
_d9107